| 000 | 01885cam a22005174i 4500 | ||
|---|---|---|---|
| 003 | PE-LiUPU | ||
| 005 | 20250731165507.0 | ||
| 008 | 150623s r 000 0 d | ||
| 020 | _a8876531459 | ||
| 035 | _a(Sirsi) i9788876531453 | ||
| 040 |
_aPE-LiUPU _bspa _cPE-LiUPU _erda |
||
| 049 | _aPRUA | ||
| 082 | 0 | 4 |
_a221.008 _bAB _221 |
| 100 | 1 |
_aNorth, Robert, _d1916-2007, _eautor. |
|
| 245 | 1 | 4 |
_aThe Biblical jubilee, after fifty years. _n145 / _cRobert North. |
| 264 | 1 |
_aRoma : _bEditrice Pontificio Istituto Biblico, _c2000. |
|
| 300 |
_a167 páginas ; _c24 centímetros |
||
| 336 |
_atext _2rdacontent |
||
| 337 |
_aunmediated _2rdamedia |
||
| 338 |
_avolume _2rdacarrier |
||
| 490 | 0 |
_aAnalecta Bíblica. Investigationes Scientificae in Res Biblicas ; _v145 |
|
| 504 | _aIncluye bibliografía. | ||
| 505 | 0 | _aJubilee. -Fallow. -Land-ownership. -Repurchase. -Loans. -Debt Cities. -Source-dissection. -Historicity. -Now 2000. | |
| 526 | _aSEG44 | ||
| 526 | _aSEG26 | ||
| 526 | _aP151 | ||
| 526 | _aP150 | ||
| 526 | _aP149 | ||
| 526 | _aP146 | ||
| 526 | _aP145 | ||
| 526 | _aP126 | ||
| 526 | _aP125 | ||
| 526 | _aP92 | ||
| 526 | _aP75 | ||
| 526 | _aP74 | ||
| 526 | _aP27 | ||
| 526 | _aP15 | ||
| 630 |
_aBiblia. _pA.T. _pLevítico 25 _xComentarios. |
||
| 650 | 0 | 4 | _aAño sabático (Judaísmo) |
| 942 |
_2ddc _cBOOK |
||
| 949 |
_aRC 221.008 AB 145 _wDEWEY _c1 _i47847 _lCCODEBUL1 _mBUL _r0 _sY _tBOOK _u2015-6-24 _xTEOLOGIA _PP35 _0COMPRA _o.CIRCNOTE. No olvidar cambiar la fecha de devolución!!!!!!! _o.STAFF. Colección General |
||
| 994 |
_aC0 _bPEPRU |
||
| 596 | _a1 | ||
| 999 |
_aRC 221.008 AB 145 _wDEWEY _c24320 _i47847 _f2021-11-8 _g6 _lCCODEBUL1 _mBUL _r1 _sY _tBOOK _u2015-6-24 _xTEOLOGIA _PP35 _0COMPRA _o.CIRCNOTE. No olvidar cambiar la fecha de devolución!!!!!!! _o.STAFF. Colección General _d24320 |
||
| 980 |
_81 _gALBERTO SANCHEZ Responsable de Automatización |
||